00742nab a2200217 i 4500001000400000003000400004005001700008008003900025040000800064080000700072100015900079245009300238260001000331500002600341650001300367650003500380650001300415773006800428942001300496999001500509BPPBPK20160524114656.0151127s1983 pl | | |000 ||pol cBPK a32 aŚNIADECKI, Janusz.d1980 - 1996.bWyższa Szkoła Inżynierska w Koszalinie - Instytut Nauk Społecznych,cZakład Filozofii, Socjologii i Psychologii aAnaliza indeksu osobowego jako metoda badania zjawisk kulturowych /cJanusz Śniadecki. c1983. aDane z kartoteki bpp. 0aKultura. 0aCzasopisma literackie polskie. 0aIndeksy. iW :tKwartalnik Historii Prasy Polskiej. -g1983, nr 1, s. 5-17 cART2UKD c7080d7080